[Event "Tom Weston Open Major"]
[Site "Cardiff"]
[Date "2018.03.31"]
[Round "4.1"]
[White "Evans, Nicholas Thomas"]
[Black "Pearson, Raymond"]
[Result "0-1"]
[WhiteElo "1860"]
[BlackElo "1898"]
[PlyCount "80"]
[EventDate "2018.03.30"]
[EventType "swiss"]
[EventRounds "7"]
[EventCountry "WLS"]
[SourceDate "2018.03.30"]

1. d4 Nf6 2. Nf3 g6 3. c4 Bg7 4. g3 O-O 5. Bg2 d6 6. O-O Nc6 7. Nc3 a6 8. h3
Bf5 9. d5 Na5 10. Nd4 Bd7 11. Qd3 c5 12. Nc2 Rb8 13. e4 b5 14. Ne3 Nxc4 15.
Nxc4 bxc4 16. Qe2 Qc8 17. Kh2 Rb4 18. f4 Ne8 19. g4 Nc7 20. a3 Rb8 21. a4 Rb4
22. Qc2 e6 23. Bd2 exd5 24. exd5 f5 25. g5 Qb7 26. Nd1 Bxb2 27. Ra2 c3 28. Nxc3
Bxc3 29. Bxc3 Rb3 30. Rd1 Re8 31. Ba1 Ree3 32. Rd2 Qb4 33. Rd4 cxd4 34. Qxc7
Be8 35. Rc2 Rbd3 36. Rc1 Qd2 37. Rb1 Rxh3+ 38. Kg1 Rhg3 39. Rb2 Rxg2+ 40. Kh1
Rh3# 0-1

[Event "Tom Weston Open Major"]
[Site "Cardiff"]
[Date "2018.03.31"]
[Round "4.2"]
[White "James, Dai"]
[Black "Jukes, Sam"]
[Result "0-1"]
[WhiteElo "1850"]
[BlackElo "1760"]
[PlyCount "30"]
[EventDate "2018.03.30"]
[EventType "swiss"]
[EventRounds "7"]
[EventCountry "WLS"]
[SourceDate "2018.03.30"]

1. e4 e5 2. Nf3 Nc6 3. d4 exd4 4. Nxd4 Bc5 5. Nb3 Bb6 6. Nc3 Nf6 7. Qe2 O-O 8.
Be3 d5 9. Bxb6 axb6 10. O-O-O d4 11. Kb1 Be6 12. Nb5 Ra4 13. f3 Qe7 14. N5xd4
Nxd4 15. Rxd4 Bxb3 0-1

[Event "Tom Weston Open Major"]
[Site "Cardiff"]
[Date "2018.03.31"]
[Round "4.3"]
[White "Di-Vetta, Andrew"]
[Black "Timmins, Chris P"]
[Result "0-1"]
[WhiteElo "1691"]
[BlackElo "1844"]
[PlyCount "98"]
[EventDate "2018.03.30"]
[EventType "swiss"]
[EventRounds "7"]
[EventCountry "WLS"]
[SourceDate "2018.03.30"]

1. Nf3 Nf6 2. c4 g6 3. g3 Bg7 4. Bg2 d6 5. Nc3 Nc6 6. O-O O-O 7. d4 e5 8. dxe5
dxe5 9. Qxd8 Rxd8 10. Bg5 Re8 11. Bxf6 Bxf6 12. Nd5 Bd8 13. e3 a5 14. a3 a4 15.
Nd2 Na5 16. Ne4 Kg7 17. Nd2 f5 18. e4 c6 19. Ne3 Bb6 20. Rac1 Bd4 21. Rc2 Be6
22. Re1 Rad8 23. Kf1 Nb3 24. Nb1 Bb6 25. exf5 gxf5 26. Kg1 Kf6 27. Nc3 Nc5 28.
Bf1 Rd4 29. Be2 Red8 30. Rd1 Ba5 31. f3 Bxc3 32. bxc3 Rxd1+ 33. Nxd1 Bxc4 34.
Bxc4 Rxd1+ 35. Kg2 b5 36. Ba2 Nd3 37. Kh3 Ne1 38. Rf2 Rd3 39. c4 Rxa3 40. cxb5
cxb5 41. Bg8 Nxf3 42. Rc2 Nd4 43. Rc7 h6 44. Kh4 e4 45. Rf7+ Kg6 46. Rd7 Rd3
47. Bh7+ Kf6 48. Kh3 Nf3 49. Rb7 Ng5+ 0-1

[Event "Tom Weston Open Major"]
[Site "Cardiff"]
[Date "2018.03.31"]
[Round "4.4"]
[White "Bevan, Peter M"]
[Black "Camp, Syringa Lyn"]
[Result "1-0"]
[WhiteElo "1916"]
[BlackElo "1676"]
[PlyCount "125"]
[EventDate "2018.03.30"]
[EventType "swiss"]
[EventRounds "7"]
[EventCountry "WLS"]
[SourceDate "2018.03.30"]

1. d4 g6 2. Bf4 Bg7 3. Nc3 d6 4. e4 Nd7 5. Qd2 c5 6. d5 Qa5 7. Nb5 Qxd2+ 8.
Bxd2 Kd8 9. Bc3 Bxc3+ 10. Nxc3 a6 11. a4 Ngf6 12. f4 e6 13. dxe6 fxe6 14. Nf3
Rf8 15. g3 Ke7 16. Bg2 Rb8 17. a5 b5 18. axb6 Rxb6 19. b3 Rb4 20. Nd2 h6 21.
O-O Rb8 22. Nc4 Nb6 23. e5 Nxc4 24. exf6+ Rxf6 25. bxc4 Rb4 26. Ra4 g5 27. fxg5
Rxf1+ 28. Kxf1 hxg5 29. Ke2 Bd7 30. Rxb4 cxb4 31. Na2 a5 32. h4 gxh4 33. gxh4
e5 34. Be4 Kf6 35. Kf3 Be6 36. Bd5 Bf5 37. Ke3 Bxc2 38. Kd2 Bf5 39. Kc1 Bg4 40.
Kc2 Kg6 41. Nc1 Kh5 42. Nb3 a4 43. Nd2 Kxh4 44. Bc6 a3 45. Kb3 Bd1+ 46. Ka2 Bc2
47. Be4 Bd1 48. Bb1 Kg4 49. Ne4 Kf4 50. Nxd6 b3+ 51. Kxa3 Bc2 52. Bxc2 bxc2 53.
Kb2 c1=Q+ 54. Kxc1 e4 55. Kd2 e3+ 56. Ke2 Ke5 57. Nb5 Ke4 58. Na3 Kd4 59. Kd1
Kc5 60. Ke2 Kd4 61. Ke1 Ke4 62. Nc2 Kf4 63. Nxe3 1-0

[Event "Tom Weston Open Major"]
[Site "Cardiff"]
[Date "2018.04.01"]
[Round "4.5"]
[White "Servini, Mike"]
[Black "Buttell, David"]
[Result "1/2-1/2"]
[WhiteElo "1660"]
[BlackElo "1773"]
[PlyCount "90"]
[EventDate "2018.03.30"]
[EventType "swiss"]
[EventRounds "7"]
[EventCountry "WLS"]
[SourceDate "2018.03.30"]

1. d4 Nf6 2. Nf3 d5 3. Bg5 Nbd7 4. Nbd2 e6 5. e3 Be7 6. Bd3 c5 7. c3 b6 8. O-O
Bb7 9. Qa4 c4 10. Be2 a6 11. Qc2 h6 12. Bxf6 Nxf6 13. b3 b5 14. Ne5 O-O 15.
bxc4 dxc4 16. Bf3 Bxf3 17. Ndxf3 Qd5 18. Nd2 Rfc8 19. a3 Qd8 20. e4 Nd7 21.
Ndf3 Nxe5 22. Nxe5 Bd6 23. Nf3 Qf8 24. Qc1 a5 25. e5 Be7 26. Nd2 Qd8 27. Ne4
Qd5 28. Qf4 Ra7 29. Ra2 Rb7 30. Qg4 Rcb8 31. Rfa1 Kh7 32. h4 g6 33. Nf6+ Bxf6
34. exf6 h5 35. Qf4 Qf5 36. Qe5 Rd8 37. a4 Qxe5 38. dxe5 b4 39. cxb4 axb4 40.
a5 b3 41. a6 Ra7 42. Rb2 Rda8 43. Rc1 Rxa6 44. Rxc4 Rb8 45. Rc3 Ra1+ 1/2-1/2

[Event "Tom Weston Open Major"]
[Site "Cardiff"]
[Date "2018.03.31"]
[Round "4.6"]
[White "Williams, Stephen"]
[Black "Burrows, Mike"]
[Result "0-1"]
[WhiteElo "1683"]
[BlackElo "1544"]
[PlyCount "80"]
[EventDate "2018.03.30"]
[EventType "swiss"]
[EventRounds "7"]
[EventCountry "WLS"]
[SourceDate "2018.03.30"]

1. d4 d5 2. c4 e6 3. Nc3 Nf6 4. Nf3 Be7 5. Bf4 a6 6. e3 dxc4 7. Bxc4 b5 8. Bd3
Bb7 9. a3 Nbd7 10. Qc2 h6 11. h3 c5 12. dxc5 Nxc5 13. Be2 Rc8 14. Rd1 Qb6 15.
O-O O-O 16. Ne5 Nce4 17. Rd3 Nc5 18. Rd4 Na4 19. Qb3 Nxc3 20. bxc3 Bc5 21. Rdd1
Rfd8 22. Rxd8+ Rxd8 23. Rd1 Rxd1+ 24. Bxd1 Bd5 25. Qb2 Qd8 26. Be2 Qa8 27. Bf3
Bxf3 28. Nxf3 Qd5 29. Be5 Qd1+ 30. Kh2 Ne4 31. c4 f6 32. Bd4 Bd6+ 33. Be5 fxe5
34. cxb5 axb5 35. Qxb5 Qd5 36. Qe8+ Kh7 37. Nh4 Nf6 38. Qf7 e4+ 39. g3 Bxa3 40.
Ng6 Qf5 0-1

[Event "Tom Weston Open Major"]
[Site "Cardiff"]
[Date "2018.03.31"]
[Round "4.7"]
[White "Yeo, Gareth"]
[Black "Jansen Van Rensburg, Leon"]
[Result "1-0"]
[WhiteElo "1946"]
[BlackElo "1497"]
[PlyCount "69"]
[EventDate "2018.03.30"]
[EventType "swiss"]
[EventRounds "7"]
[EventCountry "WLS"]
[SourceDate "2018.03.30"]

1. d4 Nf6 2. c4 g6 3. Nc3 Bg7 4. e4 d6 5. Nge2 Nbd7 6. Ng3 e5 7. d5 O-O 8. Be2
Re8 9. h4 h5 10. Bg5 Nf8 11. Bxh5 gxh5 12. Nxh5 N8h7 13. Nxg7 Kxg7 14. Qd2 Qd7
15. Bh6+ Kg6 16. f3 Nh5 17. Be3 f5 18. exf5+ Qxf5 19. O-O-O N5f6 20. Rdf1 Kf7
21. g4 Qg6 22. h5 Qg8 23. g5 Nxh5 24. Rxh5 Qg6 25. Rh6 Bf5 26. Rxg6 Bxg6 27.
Ne4 Rh8 28. Qg2 Rag8 29. f4 Bf5 30. fxe5 Kg6 31. e6 c6 32. Bd4 cxd5 33. Nxd6
Bd3 34. Qxd5 Bxf1 35. Qf5+ 1-0

[Event "Tom Weston Open Major"]
[Site "Cardiff"]
[Date "2018.03.31"]
[Round "4.8"]
[White "Summers, Charles"]
[Black "Stuart, Neil"]
[Result "0-1"]
[WhiteElo "1901"]
[BlackElo "1737"]
[PlyCount "72"]
[EventDate "2018.03.30"]
[EventType "swiss"]
[EventRounds "7"]
[EventCountry "WLS"]
[SourceDate "2018.03.30"]

1. d4 Nf6 2. Nc3 d5 3. Nf3 Bf5 4. Bf4 e6 5. e3 Bb4 6. a3 Bxc3+ 7. bxc3 O-O 8.
Rb1 b6 9. Ne5 Ne4 10. Rb3 f6 11. Nd3 Nc6 12. g4 Bg6 13. f3 Nd6 14. Bxd6 cxd6
15. Nf4 Bf7 16. Bd3 Na5 17. Rb4 Qc7 18. Qd2 Rac8 19. O-O Qxc3 20. Qf2 Qxa3 21.
Rbb1 Qc3 22. Qh4 h6 23. Rbe1 e5 24. Ng6 Rfe8 25. Bf5 Rc7 26. dxe5 dxe5 27. Qh5
Nc4 28. h4 Nxe3 29. Rxe3 Qxe3+ 30. Kg2 Rb7 31. Rf2 Rc7 32. Bd3 Rd8 33. Re2 Qc1
34. Qf5 e4 35. fxe4 dxe4 36. Bxe4 Rd2 0-1

[Event "Tom Weston Open Major"]
[Site "Cardiff"]
[Date "2018.03.31"]
[Round "4.9"]
[White "Christmas, Steve"]
[Black "Larg, Richard"]
[Result "1-0"]
[WhiteElo "1841"]
[BlackElo "1680"]
[PlyCount "125"]
[EventDate "2018.03.30"]
[EventType "swiss"]
[EventRounds "7"]
[EventCountry "WLS"]
[SourceDate "2018.03.30"]

1. d4 d5 2. c3 Nf6 3. Bf4 e6 4. Nf3 Bd6 5. Bg3 O-O 6. e3 c6 7. Nbd2 Re8 8. Bd3
Bxg3 9. hxg3 Nbd7 10. Qc2 g6 11. O-O-O Ng4 12. Rdf1 f5 13. Nh2 Ndf6 14. Ndf3 e5
15. dxe5 Nxe5 16. Nxe5 Rxe5 17. Qb3 Qb6 18. Nf3 Qxb3 19. axb3 Re7 20. Kd2 c5
21. Rh4 b6 22. Ra4 a5 23. Rfa1 Bd7 24. R4a3 Ng4 25. Ke2 Ne5 26. Nxe5 Rxe5 27.
Kf1 Bc6 28. b4 c4 29. Bc2 Ree8 30. bxa5 bxa5 31. Rxa5 Rxa5 32. Rxa5 Ra8 33.
Rxa8+ Bxa8 34. f3 Kf7 35. Ke2 Bc6 36. e4 fxe4 37. fxe4 Ke6 38. b4 dxe4 39. Ke3
Ke5 40. Bd1 g5 41. Bh5 h6 42. Bf7 Bb5 43. g4 Ba6 44. Bg6 Bb7 45. Be8 Ba8 46. b5
Kd6 47. Bc6 Bxc6 48. bxc6 Kxc6 49. Kxe4 Kd6 50. Kd4 Ke6 51. g3 Kd6 52. Kxc4 Kc6
53. Kd4 Kd6 54. c4 Kc6 55. c5 Kc7 56. Kd5 Kd7 57. c6+ Kc7 58. Kc5 Kc8 59. Kd6
Kd8 60. c7+ Kc8 61. Kc6 h5 62. gxh5 g4 63. Kd6 1-0

[Event "Tom Weston Open Major"]
[Site "Cardiff"]
[Date "2018.03.31"]
[Round "4.10"]
[White "McIntosh, Rachel"]
[Black "McGregor, John"]
[Result "0-1"]
[WhiteElo "1453"]
[BlackElo "1835"]
[PlyCount "72"]
[EventDate "2018.03.30"]
[EventType "swiss"]
[EventRounds "7"]
[EventCountry "WLS"]
[SourceDate "2018.03.30"]

1. e4 c5 2. Nc3 e6 3. f4 d5 4. Bb5+ Bd7 5. Bxd7+ Qxd7 6. d3 dxe4 7. dxe4 Qxd1+
8. Nxd1 Nf6 9. Nc3 Nc6 10. Nf3 Nb4 11. Kd1 Rd8+ 12. Bd2 Ng4 13. Kc1 Be7 14. h3
Nf6 15. a3 Nc6 16. Kb1 O-O 17. Ka2 Nd4 18. Ne1 Nxc2 19. Nxc2 Rxd2 20. Ne3 Rfd8
21. Rad1 Nh5 22. f5 Ng3 23. Rxd2 Rxd2 24. Re1 Bf6 25. Nc4 Bxc3 26. Nxd2 Bxd2
27. Rd1 Nxe4 28. g4 exf5 29. gxf5 Kf8 30. Kb3 Ke7 31. Kc4 Kd6 32. b4 b6 33.
bxc5+ bxc5 34. Kb5 Nc3+ 35. Ka6 Nxd1 36. Kxa7 Nb2 0-1

[Event "Tom Weston Open Major"]
[Site "Cardiff"]
[Date "2018.03.31"]
[Round "4.11"]
[White "Bridges, Paul"]
[Black "Probert, Malcolm"]
[Result "1/2-1/2"]
[WhiteElo "1804"]
[BlackElo "1620"]
[PlyCount "38"]
[EventDate "2018.03.30"]
[EventType "swiss"]
[EventRounds "7"]
[EventCountry "WLS"]
[SourceDate "2018.03.30"]

1. e4 g6 2. d4 Bg7 3. Nf3 c6 4. Bd3 d5 5. e5 Nh6 6. O-O O-O 7. c3 Na6 8. Na3
Nc7 9. Nc2 f6 10. Bf4 Nf7 11. exf6 exf6 12. Re1 Bg4 13. h3 Bxf3 14. Qxf3 Re8
15. Qg3 Ne6 16. Bd2 f5 17. Re2 Qd6 18. Qxd6 Nxd6 19. f3 Nf8 1/2-1/2

[Event "Tom Weston Open Major"]
[Site "Cardiff"]
[Date "2018.03.31"]
[Round "4.12"]
[White "Dixon, Chris"]
[Black "Hunt, Bill"]
[Result "1/2-1/2"]
[WhiteElo "1808"]
[BlackElo "1603"]
[PlyCount "50"]
[EventDate "2018.03.30"]
[EventType "swiss"]
[EventRounds "7"]
[EventCountry "WLS"]
[SourceDate "2018.03.30"]

1. Nf3 g6 2. g3 Bg7 3. Bg2 Nf6 4. O-O d6 5. d3 O-O 6. e4 Nbd7 7. Nbd2 Rb8 8.
Re1 e5 9. a4 Nc5 10. b4 Ne6 11. Bb2 Ne8 12. c3 f5 13. d4 f4 14. dxe5 fxg3 15.
hxg3 Bxe5 16. Nxe5 dxe5 17. Nf3 Qf6 18. Qe2 Nd8 19. Nh2 Ng7 20. Rad1 Be6 21.
Rd2 Nf7 22. Ng4 Qg5 23. Nh2 Nd6 24. Bc1 Qf6 25. Ng4 Bxg4 1/2-1/2

[Event "Tom Weston Open Major"]
[Site "Cardiff"]
[Date "2018.03.31"]
[Round "4.13"]
[White "Hurn, Robert AJ"]
[Black "White, Ernest M"]
[Result "0-1"]
[WhiteElo "1593"]
[BlackElo "1830"]
[PlyCount "78"]
[EventDate "2018.03.30"]
[EventType "swiss"]
[EventRounds "7"]
[EventCountry "WLS"]
[SourceDate "2018.03.30"]

1. d4 f5 2. Nc3 g6 3. e4 fxe4 4. Nxe4 d5 5. Nc5 b6 6. Nd3 Bg7 7. Nf3 Nf6 8. Be2
O-O 9. O-O Ne4 10. c3 Nd7 11. Nd2 Bb7 12. f3 Nxd2 13. Bxd2 e5 14. Be3 c6 15.
Qd2 Qe7 16. Rac1 Rae8 17. Nf2 Qd6 18. Bd3 c5 19. Bb1 Re6 20. Rfe1 Rfe8 21. Rcd1
exd4 22. cxd4 cxd4 23. Bg5 Rxe1+ 24. Rxe1 Rxe1+ 25. Qxe1 Qe5 26. Qd2 Nc5 27.
Bf4 Qe7 28. h3 Kf7 29. Ng4 Ba6 30. b4 Na4 31. Qc1 Nc3 32. Bxg6+ hxg6 33. Qb2
Ne2+ 34. Kh2 Nxf4 35. b5 Bc8 36. Qb3 Bxg4 37. hxg4 Qh4+ 38. Kg1 Qe1+ 39. Kh2
Qf2 0-1

[Event "Tom Weston Open Major"]
[Site "Cardiff"]
[Date "2018.03.31"]
[Round "4.14"]
[White "Harle, Bill"]
[Black "Fraser, Susanna"]
[Result "0-1"]
[WhiteElo "1782"]
[BlackElo "1486"]
[PlyCount "80"]
[EventDate "2018.03.30"]
[EventType "swiss"]
[EventRounds "7"]
[EventCountry "WLS"]
[SourceDate "2018.03.30"]

1. d4 d5 2. Nf3 Nf6 3. g3 Bf5 4. Bg2 g6 5. O-O Bg7 6. b3 O-O 7. Bb2 Nbd7 8.
Nbd2 Nb6 9. c4 c6 10. c5 Nbd7 11. b4 Nb8 12. Re1 Na6 13. a3 Nc7 14. Nh4 Be6 15.
Nhf3 Bf5 16. h3 Qc8 17. Kh2 a5 18. Nb3 axb4 19. axb4 Rxa1 20. Qxa1 Nb5 21. Nfd2
h5 22. f3 Qc7 23. Nf1 h4 24. Nbd2 Nh5 25. e4 dxe4 26. fxe4 Nxg3 27. e5 Nh5 28.
Nf3 Nf4 29. Nxh4 Qd7 30. Nxf5 Qxf5 31. Ng3 Qc2 32. Rg1 Rd8 33. Kh1 Nd3 34. Qa5
Rb8 35. Ba1 Bh6 36. Nf1 Bf4 37. Bf3 Nf2+ 38. Kg2 Ng4+ 39. Kh1 Ne3 40. Bg2 Nc4
0-1

[Event "Tom Weston Open Major"]
[Site "Cardiff"]
[Date "2018.03.31"]
[Round "4.15"]
[White "Thomas, Roy"]
[Black "Cox, John"]
[Result "1-0"]
[WhiteElo "1701"]
[BlackElo "1443"]
[PlyCount "67"]
[EventDate "2018.03.30"]
[EventType "swiss"]
[EventRounds "7"]
[EventCountry "WLS"]
[SourceDate "2018.03.30"]

1. f4 d5 2. Nf3 Nf6 3. e3 c5 4. d3 Bg4 5. Be2 e6 6. O-O Be7 7. b3 O-O 8. Bb2
Bxf3 9. Bxf3 Nc6 10. Nd2 Qc7 11. g3 Rfd8 12. Bg2 Rab8 13. Nf3 Ng4 14. Qe2 Nf6
15. h3 Nd7 16. e4 d4 17. Nh2 e5 18. f5 Qd6 19. Bc1 Bf6 20. g4 Qe7 21. Nf3 h6
22. Qf2 Nf8 23. Qg3 Nh7 24. h4 Kh8 25. g5 hxg5 26. hxg5 Nxg5 27. Nxg5 Bxg5 28.
Bxg5 f6 29. Bd2 Nb4 30. Rfc1 a5 31. Kf2 Kg8 32. a3 Nc6 33. Rh1 Kf7 34. Qg6+ 1-0

[Event "Tom Weston Open Major"]
[Site "Cardiff"]
[Date "2018.03.31"]
[Round "4.16"]
[White "Fox, Chris"]
[Black "Govindaraj, Neya"]
[Result "1-0"]
[WhiteElo "1669"]
[BlackElo "1325"]
[PlyCount "87"]
[EventDate "2018.03.30"]
[EventType "swiss"]
[EventRounds "7"]
[EventCountry "WLS"]
[SourceDate "2018.03.30"]

1. d4 g6 2. e4 d6 3. Nc3 Bg7 4. Be3 c6 5. Qd2 b5 6. f3 Nd7 7. Nge2 Ngf6 8. g4
b4 9. Nd1 a5 10. Ng3 e5 11. h4 exd4 12. Bxd4 c5 13. Be3 Ne5 14. Be2 Ba6 15. Kf2
Bxe2 16. Qxe2 Qd7 17. g5 Ng8 18. a3 Ne7 19. h5 h6 20. hxg6 hxg5 21. Rxh8+ Bxh8
22. gxf7+ Nxf7 23. axb4 cxb4 24. c3 bxc3 25. Nxc3 Bxc3 26. bxc3 d5 27. exd5
Qxd5 28. Ne4 Qe5 29. Rg1 Qh2+ 30. Rg2 Qh4+ 31. Kg1 Rb8 32. Nd2 Kd7 33. Rg4 Qh5
34. Qd3+ Kc7 35. Rc4+ Nc6 36. Qd5 Qg6 37. Qxa5+ Kd7 38. Qd5+ Kc7 39. Bf2 Rd8
40. Bg3+ Kb6 41. Qc5+ Kb7 42. Qb5+ Kc8 43. Rxc6+ Qxc6 44. Qxc6# 1-0

[Event "Tom Weston Open Major"]
[Site "Cardiff"]
[Date "2018.03.31"]
[Round "4.17"]
[White "Jones, Jonathan"]
[Black "Morgans, Justin"]
[Result "0-1"]
[WhiteElo "1525"]
[BlackElo "1623"]
[PlyCount "58"]
[EventDate "2018.03.30"]
[EventType "swiss"]
[EventRounds "7"]
[EventCountry "WLS"]
[SourceDate "2018.03.30"]

1. Nf3 f5 2. b3 Nf6 3. Bb2 e6 4. d3 d5 5. Nbd2 Bd6 6. a3 O-O 7. g3 c5 8. c4 d4
9. Bg2 Nc6 10. O-O Qc7 11. Re1 Bd7 12. Nf1 f4 13. Bc1 fxg3 14. Nxg3 Ne5 15. e4
Nxf3+ 16. Bxf3 Bxg3 17. hxg3 e5 18. Kg2 Qc8 19. Rh1 Bg4 20. Bxg4 Qxg4 21. f3
Qg6 22. Ra2 Nh5 23. g4 Nf4+ 24. Kf1 Rf7 25. Rah2 h6 26. Bxf4 Rxf4 27. Rh5 Qxg4
28. R5h3 Raf8 29. R1h2 Rxf3+ 0-1

[Event "Tom Weston Open Major"]
[Site "Cardiff"]
[Date "2018.03.31"]
[Round "4.18"]
[White "White, Sam"]
[Black "O'Rourke, Kevin"]
[Result "0-1"]
[WhiteElo "1567"]
[BlackElo "1270"]
[PlyCount "118"]
[EventDate "2018.03.30"]
[EventType "swiss"]
[EventRounds "7"]
[EventCountry "WLS"]
[SourceDate "2018.03.30"]

1. d4 d5 2. Nf3 Nc6 3. Bf4 Nf6 4. c3 e6 5. Nbd2 h6 6. h4 Bd6 7. Bxd6 Qxd6 8. e3
a6 9. Bd3 Bd7 10. Qc2 Na7 11. e4 Nxe4 12. Nxe4 dxe4 13. Bxe4 Bc6 14. O-O O-O-O
15. Ne5 Bxe4 16. Qxe4 f5 17. Qe3 Rhf8 18. Nf3 f4 19. Qe5 Rf7 20. Rfe1 Rf6 21.
h5 Nc6 22. Qxd6 Rxd6 23. Ne5 Rf5 24. Nc4 Rdd5 25. g4 Rg5 26. f3 Ne7 27. Nd2 Nf5
28. Ne4 Ne3 29. Re2 g6 30. Nxg5 Rxg5 31. hxg6 Rxg6 32. Kf2 h5 33. Rxe3 fxe3+
34. Kxe3 hxg4 35. Rg1 g3 36. f4 Kd7 37. Kf3 Ke7 38. c4 Kf6 39. a4 Kf5 40. b4 g2
41. c5 Rg4 42. Ke3 Rg3+ 43. Kd2 Kxf4 44. Ke2 Ke4 45. Kf2 Rg4 46. b5 Kxd4 47. c6
bxc6 48. bxa6 Rg8 49. Rxg2 Ra8 50. Rg7 Ra7 51. Rd7+ Kc5 52. Re7 Kd6 53. Rg7
Rxa6 54. Rg2 c5 55. Ke3 Kc6 56. Kd3 Kd5 57. Rg5+ e5 58. Rg7 Rxa4 59. Rxc7 Ra3+
0-1

[Event "Tom Weston Open Major"]
[Site "Cardiff"]
[Date "2018.04.01"]
[Round "5.1"]
[White "Pearson, Raymond"]
[Black "Jukes, Sam"]
[Result "0-1"]
[WhiteElo "1898"]
[BlackElo "1760"]
[Annotator "Thornton,John"]
[PlyCount "126"]
[EventDate "2018.03.30"]
[EventType "swiss"]
[EventRounds "7"]
[EventCountry "WLS"]
[SourceDate "2018.03.30"]

1. c4 b6 2. e4 e6 3. Nc3 Bb7 4. Nge2 Bb4 5. a3 Bxc3 6. Nxc3 Ne7 7. Qg4 O-O 8.
d3 f5 9. exf5 exf5 10. Qh4 Qe8 11. Kd1 Nbc6 12. f3 Qf7 13. b3 d5 14. d4 Rad8
15. cxd5 Nxd4 16. Qxd4 Bxd5 17. Ke1 Bxb3 18. Qf4 Rfe8 19. Kf2 Nd5 20. Nxd5 Qxd5
21. Be3 Kh8 22. Rc1 c5 23. Bc4 Bxc4 24. Qxc4 Qd6 25. Rcd1 Qe5 26. Qc1 Rxd1 27.
Rxd1 Qe7 28. Bg5 Qe2+ 29. Kg1 h6 30. Bh4 g5 31. Re1 Qb5 32. Rxe8+ Qxe8 33. Be1
Qe7 34. Bc3+ Kh7 35. Qc2 Kg6 36. Kf2 g4 37. fxg4 Qh4+ 38. Kg1 Qxg4 39. Qd3 Qa4
40. Qd6+ Kf7 41. Qf6+ Ke8 42. Qe6+ Kd8 43. Qf6+ Kc7 44. Qe7+ Kc8 45. Be5 Qd7
46. Qxd7+ Kxd7 47. Kf2 Kc6 48. Ke3 Kb5 49. Bg7 h5 50. Kd3 Ka4 51. Bb2 Kb3 52.
Bc1 c4+ 53. Kd2 b5 54. g3 a5 55. h4 b4 56. axb4 axb4 57. Kd1 c3 58. Bf4 Kc4 $2
59. Be5 Kd3 60. Kc1 b3 61. Bf6 $4 b2+ 62. Kb1 f4 63. Bxc3 f3 0-1

[Event "Tom Weston Open Major"]
[Site "Cardiff"]
[Date "2018.04.01"]
[Round "5.2"]
[White "Gibbs, Dominic V"]
[Black "Bevan, Peter M"]
[Result "1-0"]
[WhiteElo "1869"]
[BlackElo "1916"]
[PlyCount "85"]
[EventDate "2018.03.30"]
[EventType "swiss"]
[EventRounds "7"]
[EventCountry "WLS"]
[SourceDate "2018.03.30"]

1. e4 d5 2. exd5 Qxd5 3. Nc3 Qd8 4. d4 Nf6 5. Bf4 c6 6. Nf3 Bg4 7. Be2 e6 8. h3
Bh5 9. g4 Bg6 10. Ne5 Nbd7 11. Nxg6 hxg6 12. Qd3 Bb4 13. Bd2 Qa5 14. a3 Nd5 15.
Nxd5 Bxd2+ 16. Qxd2 Qxd2+ 17. Kxd2 cxd5 18. Bd3 Rh4 19. Bf1 Ke7 20. Bg2 Rc8 21.
Rhe1 Kd6 22. Re3 Rc4 23. c3 Rh8 24. f4 Rc6 25. Rf1 Nb6 26. b3 f5 27. c4 Kd7 28.
a4 fxg4 29. a5 gxh3 30. Bxh3 Nxc4+ 31. bxc4 dxc4 32. d5 c3+ 33. Kc2 Rc5 34.
dxe6+ Ke7 35. Rb1 Rc7 36. Rd1 Rxh3 37. Rxh3 Kxe6 38. Rxc3 Rf7 39. Re3+ Kf5 40.
Re5+ Kxf4 41. Rf1+ Kxe5 42. Rxf7 b6 43. a6 1-0

[Event "Tom Weston Open Major"]
[Site "Cardiff"]
[Date "2018.04.01"]
[Round "5.3"]
[White "Burrows, Mike"]
[Black "James, Dai"]
[Result "0-1"]
[WhiteElo "1544"]
[BlackElo "1850"]
[PlyCount "68"]
[EventDate "2018.03.30"]
[EventType "swiss"]
[EventRounds "7"]
[EventCountry "WLS"]
[SourceDate "2018.03.30"]

1. d4 Nf6 2. c4 c5 3. Nf3 e6 4. g3 b6 5. Bg2 Bb7 6. O-O Be7 7. Nc3 O-O 8. e3
Na6 9. b3 cxd4 10. exd4 d5 11. Ne5 Nc7 12. Be3 Nd7 13. Nd3 Bf6 14. Rc1 e5 15.
dxe5 Nxe5 16. Nxe5 Bxe5 17. Nxd5 Nxd5 18. Bxd5 Bxd5 19. Qxd5 Qf6 20. Rcd1 Rad8
21. Qb5 h5 22. h4 Qe6 23. Bc1 Bd4 24. Qxh5 Qe4 25. Rde1 Qd3 26. Qe2 Qxg3+ 27.
Kh1 Qxh4+ 28. Kg2 Rd6 29. Qe4 Rg6+ 30. Kf3 Qh3+ 31. Ke2 Re6 32. Qxe6 fxe6 33.
Be3 Bxe3 34. fxe3 Qg2+ 0-1

[Event "Tom Weston Open Major"]
[Site "Cardiff"]
[Date "2018.04.01"]
[Round "5.4"]
[White "Buttell, David"]
[Black "Yeo, Gareth"]
[Result "1-0"]
[WhiteElo "1773"]
[BlackElo "1946"]
[PlyCount "85"]
[EventDate "2018.03.30"]
[EventType "swiss"]
[EventRounds "7"]
[EventCountry "WLS"]
[SourceDate "2018.03.30"]

1. d4 d5 2. c4 e6 3. Nc3 Nf6 4. cxd5 exd5 5. Bg5 Nbd7 6. e3 c6 7. Bd3 Be7 8.
Nge2 O-O 9. O-O Re8 10. Qc2 Nf8 11. f3 g6 12. Bh4 Ne6 13. Bf2 Bf8 14. e4 dxe4
15. fxe4 Ng4 16. d5 Nc5 17. Bd4 cxd5 18. Nxd5 Ne6 19. Nf6+ Nxf6 20. Bxf6 Qb6+
21. Kh1 Bd7 22. Nc3 Rac8 23. Nd5 Qd6 24. Qf2 Nc5 25. Bd4 f5 26. Nf6+ Kf7 27.
Nxe8 Kxe8 28. Bxc5 Rxc5 29. Rad1 Qc7 30. exf5 gxf5 31. Rde1+ Kd8 32. Qh4+ Kc8
33. Qxh7 f4 34. Qf7 Qd6 35. Qxf4 Qxf4 36. Rxf4 Bg7 37. b3 Rh5 38. Rfe4 Bc6 39.
R4e2 Bc3 40. Rc1 Be5 41. Rxc6+ bxc6 42. g4 Rh3 43. Bf5+ 1-0

[Event "Tom Weston Open Major"]
[Site "Cardiff"]
[Date "2018.04.01"]
[Round "5.5"]
[White "Evans, Nicholas Thomas"]
[Black "Di-Vetta, Andrew"]
[Result "1-0"]
[WhiteElo "1860"]
[BlackElo "1691"]
[PlyCount "113"]
[EventDate "2018.03.30"]
[EventType "swiss"]
[EventRounds "7"]
[EventCountry "WLS"]
[SourceDate "2018.03.30"]

1. d4 Nf6 2. Nf3 e6 3. c4 Bb4+ 4. Nbd2 O-O 5. e3 b6 6. Bd3 Bb7 7. O-O d5 8. b3
Nbd7 9. Bb2 Ne4 10. a3 Be7 11. Rc1 c5 12. Qc2 f5 13. Rfd1 Bf6 14. Ne5 Rc8 15.
f3 Nd6 16. Qb1 Qe7 17. Nxd7 Qxd7 18. dxc5 Bxb2 19. c6 Bxc6 20. Qxb2 Qe7 21. Qe5
Nf7 22. Qf4 Qg5 23. cxd5 Qxf4 24. exf4 Bxd5 25. Ba6 Rcd8 26. Nc4 Rfe8 27. b4
Ba8 28. Ne5 Rxd1+ 29. Rxd1 Bd5 30. Rc1 Nxe5 31. fxe5 Re7 32. Kf2 g5 33. g3 h5
34. f4 g4 35. Bb5 Kg7 36. Rc8 a5 37. bxa5 bxa5 38. Rd8 Kg6 39. Rg8+ Kh7 40. Rd8
Kg7 41. Rd7 Kf7 42. Rxe7+ Kxe7 43. Ke3 Bb3 44. Kd4 Kd8 45. Bc4 Bxc4 46. Kxc4 a4
47. Kb5 Kd7 48. Kxa4 Kc6 49. Kb4 Kd5 50. a4 Ke4 51. Kc5 Kf3 52. Kd6 Kg2 53.
Kxe6 Kxh2 54. Kxf5 Kxg3 55. e6 h4 56. e7 h3 57. e8=Q 1-0

[Event "Tom Weston Open Major"]
[Site "Cardiff"]
[Date "2018.04.01"]
[Round "5.6"]
[White "Christmas, Steve"]
[Black "Servini, Mike"]
[Result "1/2-1/2"]
[WhiteElo "1841"]
[BlackElo "1660"]
[PlyCount "57"]
[EventDate "2018.03.30"]
[EventType "swiss"]
[EventRounds "7"]
[EventCountry "WLS"]
[SourceDate "2018.03.30"]

1. d4 Nf6 2. c3 d5 3. Bf4 c5 4. e3 Nc6 5. Nd2 Qb6 6. Qb3 Bf5 7. dxc5 Qxb3 8.
Nxb3 e5 9. Bg3 Ne4 10. Bb5 f6 11. Ne2 Nxc5 12. O-O Nxb3 13. axb3 Bc5 14. b4 Bb6
15. Rfd1 Rd8 16. Bd3 Bxd3 17. Rxd3 Kf7 18. Rad1 Ne7 19. Kf1 g5 20. h3 h5 21.
Bh2 h4 22. f3 Nf5 23. Bg1 Ke6 24. Bf2 e4 25. fxe4 dxe4 26. Rxd8 Rxd8 27. Rxd8
Bxd8 28. b3 Bb6 29. Nd4+ 1/2-1/2